Kế toán thương mại dịch vụ và kinh doanh xuất nhập khẩu (Dùng cho sinh viên cao đẳng, đại học khối ngành kinh tế, tài chính, ngoại thương, ngân hàng, quản trị kinh doanh, ... )

Sách gồm 15 chương, trình bày những kiến thức cơ bản về kế toán trong lĩnh vực thương mại, dịch vụ, kinh doanh xuất khẩu: kế toán vốn bằng tiền, kế toán các khoản phải thu, kế toán các khoản ứng trước, kế toán hàng tồn kho, kế toán ta...

Volledige beschrijving

Bewaard in:
Bibliografische gegevens
Hoofdauteur: Phan, Đức Dũng
Formaat: Boek
Taal:Undetermined
Gepubliceerd in: Hà Nội Thống kê 2014
Onderwerpen:
Tags: Voeg label toe
Geen labels, Wees de eerste die dit record labelt!
Thư viện lưu trữ: Trung tâm Học liệu Trường Đại học Cần Thơ
LEADER 01393nam a2200217Ia 4500
001 CTU_202983
008 210402s9999 xx 000 0 und d
020 |c 196000 
082 |a 657.7 
082 |b D513 
100 |a Phan, Đức Dũng 
245 0 |a Kế toán thương mại dịch vụ và kinh doanh xuất nhập khẩu 
245 0 |b (Dùng cho sinh viên cao đẳng, đại học khối ngành kinh tế, tài chính, ngoại thương, ngân hàng, quản trị kinh doanh, ... ) 
245 0 |c Phan Đức Dũng 
260 |a Hà Nội 
260 |b Thống kê 
260 |c 2014 
520 |a Sách gồm 15 chương, trình bày những kiến thức cơ bản về kế toán trong lĩnh vực thương mại, dịch vụ, kinh doanh xuất khẩu: kế toán vốn bằng tiền, kế toán các khoản phải thu, kế toán các khoản ứng trước, kế toán hàng tồn kho, kế toán tài sản cố định, kế toán chênh lệch tỉ giá, kế toán các khoản phải trả, kế toán xuất nhập khẩu hàng hoá, kế toán nguồn vốn chủ sở hữu, kế toán kinh doanh dịch vụ 
650 |a Kế toán,Accounting 
904 |i Nguyên 
980 |a Trung tâm Học liệu Trường Đại học Cần Thơ